00414nam a2200157Ia 45000010006000000050017000060080041000230410008000640820020000721000028000922450079001202600009001993000032002086500008002406540008002481371520260306164821.0260306t2018||||xx |||||||||||||| ||spa|| aESP a005.133C2bB146 aBjornander, StefaneAUT 0aC++17 by example:bpractical projects to get you up and running with C++17 c2018 avi, 427 páginas :c23 cm. aGEN aCCC